<?xml version="1.0" encoding="UTF-8"?>
<record
    xmlns:xsi="http://www.w3.org/2001/XMLSchema-instance"
    xsi:schemaLocation="http://www.loc.gov/MARC21/slim http://www.loc.gov/standards/marcxml/schema/MARC21slim.xsd"
    xmlns="http://www.loc.gov/MARC21/slim">

  <leader>00769nam0a2200241   4500</leader>
  <controlfield tag="001">RU\NLR\BIBL_A\022503700</controlfield>
  <controlfield tag="005">20250626020035.0</controlfield>
  <datafield tag="035" ind1=" " ind2=" ">
    <subfield code="a">(NLR Aleph) 022503700</subfield>
  </datafield>
  <datafield tag="090" ind1=" " ind2=" ">
    <subfield code="a">13388533</subfield>
    <subfield code="c">13388533</subfield>
  </datafield>
  <datafield tag="100" ind1=" " ind2=" ">
    <subfield code="a">20250327d1974    |||y0rusy50      ca</subfield>
  </datafield>
  <datafield tag="101" ind1="0" ind2=" ">
    <subfield code="a">aze</subfield>
  </datafield>
  <datafield tag="102" ind1=" " ind2=" ">
    <subfield code="a">AZ</subfield>
  </datafield>
  <datafield tag="105" ind1=" " ind2=" ">
    <subfield code="a">y   z   000 y</subfield>
  </datafield>
  <datafield tag="200" ind1="1" ind2=" ">
    <subfield code="a">J&#x4AF;&#x43A;&#x441;&#x4D9;&#x43B;&#x438;&#x448;</subfield>
    <subfield code="f">&#x420;&#x4D9;&#x448;&#x438;&#x434; &#x413;&#x430;&#x437;&#x44B;&#x431;&#x4D9;j&#x43E;&#x432;</subfield>
  </datafield>
  <datafield tag="210" ind1=" " ind2=" ">
    <subfield code="a">&#x411;&#x430;&#x43A;&#x44B;</subfield>
    <subfield code="c">&#x49C;&#x4D9;&#x43D;&#x4B9;&#x43B;&#x438;&#x43A;</subfield>
    <subfield code="d">1974</subfield>
  </datafield>
  <datafield tag="215" ind1=" " ind2=" ">
    <subfield code="a">66,[1] c.</subfield>
    <subfield code="d">16</subfield>
  </datafield>
  <datafield tag="300" ind1=" " ind2=" ">
    <subfield code="a">[&#x41D;&#x430;&#x445;&#x447;.&#x41C;&#x421;&#x421;&#x420;-&#x438;&#x43D; 50 &#x438;&#x43B;&#x43B;&#x438;j&#x438;&#x43D;&#x4D9;]</subfield>
  </datafield>
  <datafield tag="541" ind1="1" ind2=" ">
    <subfield code="6">z01790</subfield>
    <subfield code="a">&#x412;&#x43E;&#x441;&#x445;&#x43E;&#x436;&#x434;&#x435;&#x43D;&#x438;&#x435;</subfield>
    <subfield code="z">rus</subfield>
  </datafield>
  <datafield tag="700" ind1=" " ind2="1">
    <subfield code="a">&#x413;&#x430;&#x437;&#x44B;&#x431;&#x4D9;j&#x43E;&#x432;</subfield>
    <subfield code="b">&#x420;. &#x421;.</subfield>
    <subfield code="g">&#x420;&#x4D9;&#x448;&#x438;&#x434; &#x421;&#x4D9;&#x43C;&#x4D9;&#x434; &#x43E;&#x493;&#x43B;&#x443;</subfield>
    <subfield code="4">070</subfield>
  </datafield>
  <datafield tag="790" ind1=" " ind2="1">
    <subfield code="6">z01541</subfield>
    <subfield code="a">&#x41A;&#x430;&#x437;&#x44B;&#x431;&#x435;&#x43A;&#x43E;&#x432;</subfield>
    <subfield code="b">&#x420;. &#x421;.</subfield>
    <subfield code="g">&#x420;&#x430;&#x448;&#x438;&#x434; &#x421;&#x430;&#x43C;&#x435;&#x434; &#x43E;&#x433;&#x43B;&#x44B;</subfield>
    <subfield code="4">070</subfield>
  </datafield>
  <datafield tag="942" ind1=" " ind2=" ">
    <subfield code="c">BOOK</subfield>
  </datafield>
  <datafield tag="980" ind1=" " ind2=" ">
    <subfield code="a">NB</subfield>
  </datafield>
  <datafield tag="995" ind1=" " ind2=" ">
    <subfield code="5">2025-03-27</subfield>
    <subfield code="b">NLR01</subfield>
    <subfield code="c">NLR01</subfield>
    <subfield code="e">ONL01</subfield>
    <subfield code="f">1-4884356</subfield>
    <subfield code="k">&#x41E;&#x41D;&#x41B; &#x410;&#x437;&#x435;&#x440;&#x431;./2-16876</subfield>
    <subfield code="o">0</subfield>
    <subfield code="r">BOOK</subfield>
    <subfield code="s">_216876</subfield>
  </datafield>
</record>
